| 000 | 00605nam a2200157 4500 | ||
|---|---|---|---|
| 001 | 162528 | ||
| 003 | ES-MaACL | ||
| 005 | 20230906212539.0 | ||
| 008 | 950111s1862 fr af |||| | fre d | ||
| 040 |
_aEUS _bspa _cEUS |
||
| 100 | 1 |
_aPrat, J. M. _c(S.I.) _9131343 |
|
| 245 | 1 | 0 |
_aHistoire du père Ribadeneyra, disciple de Saint Ignace / _cpar le P. J.-M. Prat. |
| 260 |
_aParis : _bVictor Palmé, _c1862 ( _eLe Mans : _fMonnoyer frères) |
||
| 300 |
_aVII, 643 p., [1] h. de lám. ; _c21 cm. |
||
| 852 |
_aES-MaACL _zG-8177 _z-- Enc. hol. _x-- Edic.: añadir T600 Rivadeneyra, Pedro de (S.I.)-Biografías |
||
| 999 |
_c162528 _d162528 |
||